[Event "Ruhrgebiet Verbandsliga1 1213"]
[Site "Nordrheinwestfalen"]
[Date "2012.11.25"]
[Round "4.7"]
[White "Otterpohl, Lars"]
[Black "Brockmann, Fabian"]
[Result "0-1"]
[WhiteElo "1649"]
[BlackElo "1902"]
[PlyCount "48"]
[EventDate "2012.09.02"]
[EventType "team-tourn"]
[EventRounds "9"]
[EventCountry "GER"]
[SourceTitle "EXT 2020"]
[Source "ChessBase"]
[SourceDate "2019.10.17"]
[SourceVersion "1"]
[SourceVersionDate "2019.10.17"]
[SourceQuality "1"]
[WhiteTeam "Oberhausen SV III"]
[BlackTeam "Dortmund Hansa III"]
[WhiteTeamCountry "GER"]
[BlackTeamCountry "GER"]

1. e4 c5 2. Nf3 g6 3. c3 Bg7 4. d4 cxd4 5. cxd4 d5 6. e5 Nh6 7. Be2 Nc6 8. Be3 Bg4 9. Nc3 Nf5 10. h3 Bxf3 11. Bxf3 e6 12. Qd2 f6 13. exf6 Qxf6 14. Bg5 Qxd4 15. Qe2 Qe5 16. 0-0 Qxe2 17. Bxe2 0-0 18. Rfe1 a6 19. Bg4 Rae8 20. Na4 Bd4 21. Be3 b5 22. Rac1 Nb4 23. Nc5 Nxe3 24. Nxe6 Nxg4 0-1